| 000 | 01640nam0a2200313 i 4500 | ||
|---|---|---|---|
| 001 | RU\NLR\BIBL_A\010408730 | ||
| 005 | 20241103091245.0 | ||
| 010 |
_a9785740801896 _9100 |
||
| 021 |
_aRU _b2014-29740 _91829 |
||
| 035 | _a(NILC)RuMoRGB-007484087 | ||
| 035 | _a(NLR Aleph) 010408730 | ||
| 090 |
_a9743264 _c9743264 |
||
| 100 | _a20140625d2013 u y0rusy50 ca | ||
| 101 | 0 | _arus | |
| 102 | _aRU | ||
| 105 | _aa|||j|||001yy | ||
| 200 | 1 |
_aОсновы строительного производства _eучебное пособие для студентов вузов, обучающихся по направлению "Градостроительство" 270900, "Архитектура" 270100 _fЮ.Г. Сиротин _gМ-во образования и науки Рос. Федерации, Федер. гос. бюджет. образоват. учреждение высш. проф. образования "Ур. гос. архитектур.-художеств. акад." (ФГБОУ ВПО "УралГАХА") |
|
| 210 |
_aЕкатеринбург _cАрхитектон _d2013 |
||
| 215 |
_a168 с. _cил. _d21 |
||
| 320 | _aБиблиогр.: с. 168 (14 назв.) | ||
| 606 |
_aСтроительные работы _jУчебные издания для высших учебных заведений _9931783 _3RU\NLR\AUTH\66343201 |
||
| 686 | 1 | _aН6я73-1 | |
| 700 | 1 |
_aСиротин _bЮ. Г. _gЮрий Геннадьевич |
|
| 801 | 0 |
_aRU _bРГБ _c20140505 _gRCR |
|
| 801 | 1 |
_aRU _bРГБ _c20140505 _2rusmarc |
|
| 942 | _cBOOK | ||
| 980 | _aNBR | ||